The unfinished revolution: Russia 1917-1967 : (Record no. 26169)
[ view plain ]
| 000 -LEADER | |
|---|---|
| fixed length control field | 00991cam a2200277 4500 |
| 001 - CONTROL NUMBER | |
| control field | 26169 |
| 003 - CONTROL NUMBER IDENTIFIER | |
| rucl marc code | BD-RjUL |
| 005 - DATE AND TIME OF LATEST TRANSACTION | |
| control field | 20211209050959.0 |
| 008 - FIXED-LENGTH DATA ELEMENTS--GENERAL INFORMATION | |
| fixed length control field | 140320s1967 enk b 000 0 eng |
| 035 ## - SYSTEM CONTROL NUMBER | |
| System control number | (BD-RjUL)26239 |
| 040 ## - CATALOGING SOURCE | |
| Original cataloging agency | DLC |
| Transcribing agency | DLC |
| Modifying agency | DLC |
| -- | BD-RjUL |
| Language of cataloging | eng |
| 041 ## - LANGUAGE CODE | |
| Language code of text/sound track or separate title | eng |
| 082 00 - DEWEY DECIMAL CLASSIFICATION NUMBER | |
| Classification number | 309.147 |
| Author mark and year | DEU 1969 |
| 100 1# - MAIN ENTRY--PERSONAL NAME | |
| Personal name | Deutscher, Isaac, |
| Dates associated with a name | 1907-1967. |
| 9 (RLIN) | 10457 |
| 245 14 - TITLE STATEMENT | |
| Title | The unfinished revolution: Russia 1917-1967 : |
| Remainder of title | the George Macaulay Trevelyan lectures delivered in the University of Cambridge, January-March 1967 / |
| Statement of responsibility, etc. | Isaac Deutscher |
| 260 ## - PUBLICATION, DISTRIBUTION, ETC. (IMPRINT) | |
| Place of publication, distribution, etc. | London ; |
| -- | New York : |
| Name of publisher, distributor, etc. | Oxford U.P., |
| Date of publication, distribution, etc. | 1969. |
| 300 ## - PHYSICAL DESCRIPTION | |
| Pagination | [7], 115 p. ; |
| Size | 22cm. |
| 504 ## - BIBLIOGRAPHY, ETC. NOTE | |
| Bibliography, etc | Bibliographical footnotes. |
| 650 #0 - SUBJECT ADDED ENTRY--TOPICAL TERM | |
| Topical term or geographic name as entry element | Revolutions. |
| 9 (RLIN) | 80423 |
| 651 #0 - SUBJECT ADDED ENTRY--GEOGRAPHIC NAME | |
| Geographic name | Soviet Union |
| General subdivision | History |
| Chronological subdivision | Revolution, 1917-1921 |
| General subdivision | Influence. |
| 9 (RLIN) | 80180 |
| Geographic name | Soviet Union |
| General subdivision | Social conditions. |
| 9 (RLIN) | 24645 |
| 942 ## - ADDED ENTRY ELEMENTS (KOHA) | |
| Source of classification or shelving scheme | Dewey Decimal Classification |
| Koha item type | Books |
| Lost status | Source of classification or shelving scheme | Damaged status | Not for loan | Collection code | Permanent Location | Current Location | Shelving location | Date acquired | Source of acquisition | Cost, normal purchase price | Total Checkouts | Full call number | Date last seen | Copy number | Koha item type |
|---|---|---|---|---|---|---|---|---|---|---|---|---|---|---|---|
| Dewey Decimal Classification | Non-fiction | Central Library, University of Rajshahi | Central Library, University of Rajshahi | 01/07/1974 | Oxford University Press. | 9.60 | 309.147 DEU 1969 | 20/03/2014 | C-5 | Books | |||||
| Dewey Decimal Classification | Added to bundle | Non-fiction | Central Library, University of Rajshahi | Central Library, University of Rajshahi | Reading Room | 17/09/1970 | Zitlinger | 0.00 | 309.147 DEU 1969 | 23/03/2014 | C-1 | Books | |||
| Dewey Decimal Classification | Non-fiction | Central Library, University of Rajshahi | Central Library, University of Rajshahi | 23/08/1973 | O. U. P | 8.25 | 309.147 DEU 1969 | 23/03/2014 | C-2 | Books | |||||
| Dewey Decimal Classification | Non-fiction | Central Library, University of Rajshahi | Central Library, University of Rajshahi | 23/08/1973 | O. U. P | 9.60 | 309.147 DEU 1969 | 23/03/2014 | C-3 | Books | |||||
| Dewey Decimal Classification | Non-fiction | Central Library, University of Rajshahi | Central Library, University of Rajshahi | 23/08/1973 | O. U. P | 9.60 | 309.147 DEU 1969 | 23/03/2014 | C-4 | Books |